[Event "Pfalz-ch HT4 87th"]
[Site "Landau"]
[Date "2018.03.31"]
[Round "7"]
[White "Herzel, Dieter"]
[Black "Kuhn, Daniel"]
[Result "1/2-1/2"]
[WhiteElo "2023"]
[BlackElo "1772"]
[PlyCount "80"]
[EventDate "2018.03.23"]
[EventType "swiss"]
[EventRounds "7"]
[EventCountry "GER"]
[SourceTitle "EXT 2019"]
[Source "ChessBase"]
[SourceDate "2018.10.10"]
[SourceVersion "1"]
[SourceVersionDate "2018.10.10"]
[SourceQuality "1"]

1. e4 e5 2. Nf3 Nc6 3. Bb5 a6 4. Ba4 d6 5. c3 f5 6. d3 Nf6 7. Qe2 fxe4 8. dxe4 Be6 9. Ng5 Bg8 10. Nd2 h6 11. Ngf3 Be7 12. Nh4 Bh7 13. Nf5 Bxf5 14. exf5 Qd7 15. g4 0-0-0 16. Bb3 d5 17. Nf1 e4 18. Bf4 Bd6 19. Bxd6 Qxd6 20. 0-0-0 Ne5 21. Ne3 Nd3+ 22. Kb1 Nf4 23. Qf1 Qe5 24. Bc2 Rhe8 25. Re1 c5 26. f3 Qc7 27. fxe4 Nxe4 28. Bxe4 Rxe4 29. Ng2 Rxe1+ 30. Nxe1 Qe5 31. Qf3 d4 32. cxd4 Rxd4 33. Nc2 Rd3 34. Qf2 Qd5 35. Rc1 Rf3 36. Qe1 Kb8 37. Qh1 Nd3 38. Ne1 Nxe1 39. Qxe1 Qd3+ 40. Ka1 Ka7 1/2-1/2

[Event "Pfalz-ch HT4 87th"]
[Site "Landau"]
[Date "2018.03.30"]
[Round "6"]
[White "Wolf, Harald"]
[Black "Herzel, Dieter"]
[Result "0-1"]
[WhiteElo "1664"]
[BlackElo "2023"]
[PlyCount "80"]
[EventDate "2018.03.23"]
[EventType "swiss"]
[EventRounds "7"]
[EventCountry "GER"]
[SourceTitle "EXT 2019"]
[Source "ChessBase"]
[SourceDate "2018.10.10"]
[SourceVersion "1"]
[SourceVersionDate "2018.10.10"]
[SourceQuality "1"]

1. Nf3 f5 2. b3 Nf6 3. Bb2 e6 4. c4 Be7 5. e3 0-0 6. Be2 d6 7. d4 Qe8 8. 0-0 Nbd7 9. Nc3 Bd8 10. Qc2 Qg6 11. Bd3 Qh5 12. Be2 Ng4 13. h3 Nh6 14. Ne5 Qe8 15. Nf3 e5 16. dxe5 dxe5 17. Rfd1 c6 18. Ba3 Rf6 19. Rd6 Bc7 20. Rxf6 Nxf6 21. e4 f4 22. Rd1 Nf7 23. c5 g5 24. Nh2 h5 25. f3 Nd8 26. Kf2 Kg7 27. Rg1 Ne6 28. g4 fxg3+ 29. Rxg3 Kh6 30. Bc1 Nf4 31. Bf1 b6 32. Be3 Nd7 33. b4 a5 34. cxb6 Bxb6 35. Bxb6 Nxb6 36. bxa5 Rxa5 37. Qb3 Qd8 38. Qc2 Qd4+ 39. Ke1 Rc5 40. Ne2 Nd3+ 0-1

[Event "Pfalz-ch HT4 87th"]
[Site "Landau"]
[Date "2018.03.24"]
[Round "2"]
[White "Schlegel, Stefan"]
[Black "Herzel, Dieter"]
[Result "0-1"]
[WhiteElo "1813"]
[BlackElo "2023"]
[PlyCount "98"]
[EventDate "2018.03.23"]
[EventType "swiss"]
[EventRounds "7"]
[EventCountry "GER"]
[SourceTitle "EXT 2019"]
[Source "ChessBase"]
[SourceDate "2018.10.10"]
[SourceVersion "1"]
[SourceVersionDate "2018.10.10"]
[SourceQuality "1"]

1. e4 c5 2. Nf3 d6 3. d4 cxd4 4. Nxd4 Nf6 5. Nc3 g6 6. Bb5+ Nbd7 7. 0-0 a6 8. Bxd7+ Bxd7 9. h3 Bg7 10. Be3 b5 11. a3 0-0 12. Qd2 Re8 13. Rad1 Qc7 14. Bg5 Qb7 15. Rfe1 a5 16. Bxf6 Bxf6 17. Nd5 Bg7 18. c3 e6 19. Ne3 Qxe4 20. Nef5 Qd5 21. Nh6+ Bxh6 22. Qxh6 Qh5 23. Qxh5 gxh5 24. Nf3 Ra6 25. Re4 Bc8 26. Rh4 e5 27. Rxh5 f6 28. Nh4 Rb6 29. Rd3 Re7 30. Nf5 Bxf5 31. Rxf5 Kf7 32. Rh5 Ke6 33. Rh4 d5 34. f3 Reb7 35. Rd2 b4 36. axb4 axb4 37. c4 d4 38. b3 Ra6 39. Re4 Rd7 40. Re1 Ra3 41. Rb1 f5 42. Re2 d3 43. Rd2 e4 44. Kf2 Ke5 45. fxe4 fxe4 46. Ke3 Rg7 47. g4 Rf7 48. Rh2 Rf3+ 49. Kd2 Ra2+ 0-1

[Event "Pfalz-ch HT4 87th"]
[Site "Landau"]
[Date "2018.03.23"]
[Round "1"]
[White "Herzel, Dieter"]
[Black "Bolz, Reiner"]
[Result "1-0"]
[WhiteElo "2023"]
[BlackElo "1562"]
[PlyCount "95"]
[EventDate "2018.03.23"]
[EventType "swiss"]
[EventRounds "7"]
[EventCountry "GER"]
[SourceTitle "EXT 2019"]
[Source "ChessBase"]
[SourceDate "2018.10.10"]
[SourceVersion "1"]
[SourceVersionDate "2018.10.10"]
[SourceQuality "1"]

1. e4 c6 2. Nc3 d5 3. Nf3 dxe4 4. Nxe4 Nf6 5. Nxf6+ exf6 6. d4 Bd6 7. Be2 0-0 8. 0-0 Bg4 9. c4 Qc7 10. h3 Bxf3 11. Bxf3 Nd7 12. Bd2 Rfe8 13. b4 Bf4 14. Bc3 Rad8 15. Qc2 Nb6 16. Bb2 Qe7 17. c5 Nd5 18. b5 Bb8 19. a4 Qc7 20. g3 Nf4 21. Kh2 Ne6 22. Rfe1 Ng5 23. Rxe8+ Rxe8 24. Bg2 h5 25. h4 Ne6 26. Qf5 Nf8 27. bxc6 bxc6 28. Qxh5 Ng6 29. Kg1 Qb7 30. Bc3 Qb3 31. Qf3 Qc2 32. Re1 Rxe1+ 33. Bxe1 Qxa4 34. Qxc6 Qd1 35. Qe8+ Kh7 36. Qxb8 Qxe1+ 37. Bf1 Qd2 38. Qd6 Qb4 39. h5 a5 40. hxg6+ fxg6 41. Qb6 Qxd4 42. Qxa5 f5 43. Qc7 g5 44. Qd6 Qg4 45. c6 f4 46. Bd3+ Kg8 47. Bg6 Qc8 48. c7 1-0

[Event "Rheinland Pfalz op 7th"]
[Site "Frankenthal"]
[Date "2015.06.04"]
[Round "1"]
[White "Herzel, Dieter"]
[Black "Thome, Patrick"]
[Result "1-0"]
[WhiteElo "1990"]
[BlackElo "1506"]
[PlyCount "68"]
[EventDate "2015.06.04"]
[EventType "swiss"]
[EventRounds "7"]
[EventCountry "GER"]
[SourceTitle "EXT 2017"]
[Source "ChessBase"]
[SourceDate "2016.10.25"]
[SourceVersion "1"]
[SourceVersionDate "2016.10.25"]
[SourceQuality "1"]

1. e4 e5 2. Nf3 Nc6 3. Bc4 Nf6 4. d3 Bc5 5. c3 Bb6 6. Bb3 0-0 7. Bg5 h6 8. Bh4 d6 9. Nbd2 Bg4 10. h3 Bh5 11. g4 Bg6 12. g5 hxg5 13. Bxg5 Qd7 14. Bxf6 gxf6 15. Nh4 Kg7 16. Qf3 Rh8 17. Qg3 Ne7 18. 0-0-0 Rh6 19. f4 exf4 20. Qxf4 Rah8 21. Ndf3 Qe8 22. d4 R8h7 23. Rdg1 Qh8 24. Nf5+ Nxf5 25. exf5 Rxh3 26. Rxh3 Rxh3 27. fxg6 fxg6 28. Rxg6+ Kxg6 29. Qg4+ Kh7 30. Qxh3+ Kg7 31. Qxh8+ Kxh8 32. Kd2 Kg7 33. Ke3 c6 34. Be6 d5 1-0

[Event "Zweibruecken PSB-ch HT3 82nd"]
[Site "Zweibruecken"]
[Date "2013.03.30"]
[Round "7"]
[White "Christiani, Joerg"]
[Black "Herzel, Dieter"]
[Result "0-1"]
[WhiteElo "1874"]
[BlackElo "1859"]
[PlyCount "98"]
[EventDate "2013.??.??"]
[EventType "swiss"]
[EventRounds "7"]
[EventCountry "GER"]
[SourceTitle "EXT 2014"]
[Source "ChessBase"]
[SourceDate "2013.11.20"]
[SourceVersion "1"]
[SourceVersionDate "2013.11.20"]
[SourceQuality "1"]

1. e4 c5 2. b4 cxb4 3. d4 d5 4. exd5 Nf6 5. Bb5+ Bd7 6. Bc4 g6 7. a3 Qb6 8. Ne2 Bg7 9. 0-0 0-0 10. axb4 Bb5 11. Bxb5 Qxb5 12. Na3 Qxd5 13. c4 Qd7 14. Bb2 e6 15. Nf4 Nc6 16. b5 Ne7 17. Qf3 Rfc8 18. Nd3 Nf5 19. Ne5 Qc7 20. Rad1 h5 21. d5 exd5 22. cxd5 Ne8 23. Nac4 Ned6 24. Nxd6 Nxd6 25. Qb3 Qb6 26. Nd7 Qxb5 27. Qxb5 Nxb5 28. Bxg7 Kxg7 29. Rb1 Nd6 30. Ra1 Rd8 31. Nc5 a5 32. Rfb1 b5 33. Nb7 Nxb7 34. Rxb5 Nd6 35. Rbxa5 Rxa5 36. Rxa5 Nf5 37. g3 Ne7 38. h4 Rxd5 39. Ra2 Nf5 40. Kg2 Rd3 41. Rb2 Nd4 42. Ra2 Nb3 43. Rb2 Kf6 44. Re2 Rd2 45. Re1 Nc5 46. Re3 Nd3 47. Rf3+ Ke6 48. Re3+ Kd5 49. Rf3 Ne1+ 0-1

[Event "Zweibruecken PSB-ch HT3 82nd"]
[Site "Zweibruecken"]
[Date "2013.03.24"]
[Round "3"]
[White "Appel, Wolfgang"]
[Black "Herzel, Dieter"]
[Result "1/2-1/2"]
[WhiteElo "1614"]
[BlackElo "1859"]
[PlyCount "49"]
[EventDate "2013.??.??"]
[EventType "swiss"]
[EventRounds "7"]
[EventCountry "GER"]
[SourceTitle "EXT 2014"]
[Source "ChessBase"]
[SourceDate "2013.11.20"]
[SourceVersion "1"]
[SourceVersionDate "2013.11.20"]
[SourceQuality "1"]

1. Nc3 f5 2. e4 fxe4 3. Nxe4 Nf6 4. Bd3 g6 5. Nf3 Bg7 6. Qe2 Nc6 7. c3 0-0 8. h4 d5 9. Neg5 e5 10. Bc2 Bg4 11. Qb5 Qd6 12. Bb3 h6 13. d3 a6 14. Qa4 Bd7 15. Ne4 b5 16. Nxf6+ Rxf6 17. Qe4 Be6 18. Qe2 b4 19. Bd2 e4 20. dxe4 dxe4 21. Nh2 Bxb3 22. axb3 Ne5 23. 0-0 Raf8 24. Be3 bxc3 25. bxc3 1/2-1/2

[Event "Rheinland Pfalz op 4th"]
[Site "Altenkirchen"]
[Date "2012.06.08"]
[Round "3"]
[White "Herzel, Dieter"]
[Black "Stuemer, Paul"]
[Result "1/2-1/2"]
[WhiteElo "1829"]
[BlackElo "2116"]
[PlyCount "39"]
[EventDate "2012.06.07"]
[EventType "swiss"]
[EventRounds "7"]
[EventCountry "GER"]
[SourceTitle "CBM 148 Extra"]
[Source "ChessBase"]
[SourceDate "2012.06.22"]
[SourceVersion "1"]
[SourceVersionDate "2012.06.22"]
[SourceQuality "1"]

1. e4 c5 2. d4 cxd4 3. c3 Nc6 4. Nf3 d5 5. exd5 Qxd5 6. cxd4 e5 7. Nc3 Bb4 8. Bd2 Bxc3 9. Bxc3 e4 10. Ne5 Nxe5 11. dxe5 Ne7 12. Qa4+ Bd7 13. Qa3 Qe6 14. Be2 0-0 15. 0-0 Ng6 16. Qd6 Nf4 17. Qd2 Nxe2+ 18. Qxe2 Bc6 19. Rfd1 Rfd8 20. b3 1/2-1/2

[Event "Rheinland Pfalz op 4th"]
[Site "Altenkirchen"]
[Date "2012.06.07"]
[Round "1"]
[White "Herzel, Dieter"]
[Black "Solodovnichenko, Yuri"]
[Result "0-1"]
[WhiteElo "1829"]
[BlackElo "2570"]
[PlyCount "81"]
[EventDate "2012.06.07"]
[EventType "swiss"]
[EventRounds "7"]
[EventCountry "GER"]
[SourceTitle "CBM 148 Extra"]
[Source "ChessBase"]
[SourceDate "2012.06.22"]
[SourceVersion "1"]
[SourceVersionDate "2012.06.22"]
[SourceQuality "1"]

1. e4 g6 2. d4 Bg7 3. Nc3 d6 4. f4 a6 5. Nf3 b5 6. a3 Nd7 7. Be3 Bb7 8. Be2 c5 9. e5 cxd4 10. Bxd4 dxe5 11. fxe5 e6 12. Qd3 Nh6 13. Ne4 0-0 14. 0-0 Ng4 15. Nf6+ Ndxf6 16. exf6 Bxf6 17. Bxf6 Qxf6 18. Nd4 Qh4 19. Bxg4 Qxg4 20. Nf3 Rad8 21. Qe3 Qe4 22. Qf2 Qf5 23. Qe2 Qc5+ 24. Kh1 Rd5 25. Rad1 Rfd8 26. Rxd5 Rxd5 27. c3 Qc4 28. Qe1 Rf5 29. Qd1 Kg7 30. h3 g5 31. Kg1 h5 32. Qd4+ Qxd4+ 33. Nxd4 Rxf1+ 34. Kxf1 Bd5 35. g3 f5 36. Kf2 Kf6 37. Nc2 f4 38. Nb4 a5 39. Nd3 fxg3+ 40. Kxg3 h4+ 41. Kf2 0-1